000 00296nam a2200121Ia 4500
008 241028s9999 xx 000 0 und d
041 _aeng
082 _a657.42 BOY
100 _aBoyd
245 _aCost Accounting For Dummies
260 _bWiley India
_aNew Delhi
_c2023
300 _a432;. P. 23 cm
999 _c43041
_d43041